Kvalita, management a poradenství.

Vývojové trendy v oblasti riadenia kvality. Zavedenie Demingovej a Juranovej ceny za kvalitu v Japonsku v 50. rokoch. Kritériá hodnotenia podľa Baldridgeovej ceny založenej v USA r. 1987. Situácia v krajinách ES a priblíženie sa hranici 6 sigma. Zvýšenie požiadaviek na akosť výrobkov a manažment. Hl...

Descrizione completa

Salvato in:
Dettagli Bibliografici
Autore principale: Řezníček, B.
Natura: Capitolo di libro
Lingua:ceco
Soggetti:
Tags: Aggiungi Tag
Nessun Tag, puoi essere il primo ad aggiungerne!!

MARC

LEADER 00000naa a2200000 4500
001 r010117
005 20220831090651.7
041 0 |a cze 
044 |a [CS] 
245 1 0 |a Kvalita, management a poradenství.  |c B. Řezníček 
520 |a Vývojové trendy v oblasti riadenia kvality. Zavedenie Demingovej a Juranovej ceny za kvalitu v Japonsku v 50. rokoch. Kritériá hodnotenia podľa Baldridgeovej ceny založenej v USA r. 1987. Situácia v krajinách ES a priblíženie sa hranici 6 sigma. Zvýšenie požiadaviek na akosť výrobkov a manažment. Hlavné ciele a motivácia k zvýšeniu kvality. Uplatnenie princípu prevencie ako zdroja úspor nákladov. Konzultantské organizácie a projekty manažérskych systémov riadenia kvality. 
610 2 0 |a kvalita výrobkov 
610 2 0 |a služby 
610 2 0 |a riadenie kvality 
610 2 0 |a Japonsko 
610 2 0 |a USA 
610 2 0 |a Európske spoločenstvá 
610 2 0 |a manažment 
610 2 0 |a poradenstvo 
610 2 0 |a kvalita 
610 2 0 |a Six sigma 
100 1 |a Řezníček, B.